Normal view
MARC view
Entry Personal Name
001 - CONTROL NUMBER
- control field: 6664
003 - CONTROL NUMBER IDENTIFIER
- control field: BD-RjUL
005 - DATE AND TIME OF LATEST TRANSACTION
- control field: 20230121164413.0
008 - FIXED-LENGTH DATA ELEMENTS
- fixed length control field: 230121|| aca||aabn | a|a d
040 ## - CATALOGING SOURCE
- Original cataloging agency: BD-RjUL
- Transcribing agency: BD-RjUL
100 ## - HEADING--PERSONAL NAME
- Personal name: فكري، عبد الله، Fikri, Abdullah.
- Dates associated with a name: 1834-1889
670 ## - SOURCE DATA FOUND
- Source citation: Work cat.: (BD-RjUL)81110: فكري، عبد الله، Fikri, Abdullah. 1834-1889, كتاب الفوائد الفكرية للمكاتب المصرية /kitab alfawayid alfikriat lilmakatib almisriat /, 1911